|
|
|
|
| LEADER |
00000nam0a2200000 4500 |
| 001 |
11055 |
| 005 |
20231030183447.0 |
| 010 |
|
|
|a 5710724831
|
| 035 |
|
|
|a (RuTPU)RU\TPU\book\11125
|
| 035 |
|
|
|a BOOK00011191
|
| 090 |
|
|
|a 11055
|
| 100 |
|
|
|a 20011209d1999 m y0rusy50 ca
|
| 101 |
0 |
|
|a rus
|
| 102 |
|
|
|a RU
|
| 105 |
|
|
|a y j 000zy
|
| 200 |
1 |
|
|a История России с древнейших времен до конца XX века
|e учебное пособие для школьников ст. кл. и поступающих в вузы
|f М. Н. Зуев
|
| 210 |
|
|
|a Москва
|c Дрофа
|d 1999
|
| 215 |
|
|
|a 896 с.
|
| 225 |
1 |
|
|a В помощь абитуриенту
|
| 333 |
|
|
|a Исключено из фонда НТБ ТПУ
|
| 686 |
|
|
|a Т3(2)я7
|v LBC/SL-A
|2 rubbk
|
| 700 |
|
1 |
|a Зуев
|b М. Н.
|g Михаил Николаевич
|
| 801 |
|
0 |
|a RU
|b 63413507
|c 20011209
|g PSBO
|
| 801 |
|
2 |
|a RU
|b 63413507
|c 20220422
|g PSBO
|
| 942 |
|
|
|c BK
|